| 000 -LEADER |
| fixed length control field |
00626nam a22002057a 4500 |
| 008 - FIXED-LENGTH DATA ELEMENTS--GENERAL INFORMATION |
| fixed length control field |
131002b xxu||||| |||| 00| 0 eng d |
| 020 ## - INTERNATIONAL STANDARD BOOK NUMBER |
| International Standard Book Number |
3540097236 |
| 020 ## - INTERNATIONAL STANDARD BOOK NUMBER |
| International Standard Book Number |
0387097236 |
| 041 0# - LANGUAGE CODE |
| Language code of text/sound track or separate title |
eng |
| 080 ## - UNIVERSAL DECIMAL CLASSIFICATION NUMBER |
| Universal Decimal Classification number |
001.6 |
| 100 ## - Rafti |
| Rafti |
Bochman, Gregor v. |
| 245 10 - TITLE STATEMENT |
| Title |
Architecture of distributed computer systems / |
| Statement of responsibility, etc |
Bochman, Gregor v. |
| 260 ## - |
| -- |
New York : |
| -- |
Springer-Verlag ; |
| -- |
1979 |
| 300 ## - |
| -- |
238 f. : |
| -- |
me il. ; |
| -- |
24 cm. |
| 490 ## - |
| -- |
Lecture notes in computer science ; |
| -- |
77 |
| 500 ## - |
| -- |
Preface : f. [III] - VI |
| 650 #0 - |
| -- |
Përpunimi elektronik i të dhënave |
| 650 #0 - |
| -- |
Arkitektura e kompjuterit |
| 942 ## - ADDED ENTRY ELEMENTS (KOHA) |
| Source of classification or shelving scheme |
|
| Item type |
Books |